The Complete book of Yogic Flying: Maharishi Mahesh Yogi's Program for Enlightenment and Invincibility. (Record no. 42665)
[ view plain ]
| 000 -LEADER | |
|---|---|
| fixed length control field | 00456nam a2200145Ia 4500 |
| 008 - FIXED-LENGTH DATA ELEMENTS--GENERAL INFORMATION | |
| fixed length control field | 240208s9999||||xx |||||||||||||| ||und|| |
| 020 ## - INTERNATIONAL STANDARD BOOK NUMBER | |
| International Standard Book Number | 9.7809235693e+012 |
| 082 ## - DEWEY DECIMAL CLASSIFICATION NUMBER | |
| Classification number | 242 |
| Item number | PEA/T |
| 100 ## - MAIN ENTRY--PERSONAL NAME | |
| Personal name | Pearson, Craig |
| 245 #4 - TITLE STATEMENT | |
| Title | The Complete book of Yogic Flying: Maharishi Mahesh Yogi's Program for Enlightenment and Invincibility. |
| 250 ## - EDITION STATEMENT | |
| Edition statement | 1st Edition |
| 260 ## - PUBLICATION, DISTRIBUTION, ETC. | |
| Place of publication, distribution, etc. | Usa |
| Name of publisher, distributor, etc. | Maharishi University of management press |
| Date of publication, distribution, etc. | 2008 |
| 300 ## - PHYSICAL DESCRIPTION | |
| Extent | 670p |
| 942 ## - ADDED ENTRY ELEMENTS (KOHA) | |
| Koha item type | Book |
No items available.